00720nam a22001817a 450000500170000001000150001702000110003203500140004303700090005708200080006624500960007426001130017027000660028330000220034994200220037199900190039395201260041220250728150910.0 aENG-146152 c365.00 aEN-129684 bDBAD a921 aThe Republican Ethic/cHarini SrinivasanbPresident Ram Nath Kovind selected speeches-Vol.3 aNew DelhibDirector General publications Division Ministry of Information & Broadcasting Government of India a Soochna Bhawan, CGO Complex , Lodhi RoadbNew Delhi e110003 a245p.c24.6cm(hb) 2ddccENh921mTHE c212680d212680 001040708NFICaCJbCJd2025-07-28eDBADg365.00l0o921 THEpEN-129684r2025-07-28 00:00:00t1v365.00w2025-07-28yEN